[Event "Lignano Bella Italia op 2nd"]
[Site "Lignano Sabbiadoro"]
[Date "2023.08.17"]
[Round "1"]
[White "Musso, Alessio"]
[Black "Tornay Gomez, Josu"]
[Result "1-0"]
[WhiteElo "2176"]
[BlackElo "2009"]
[PlyCount "73"]
[EventDate "2023.08.17"]
[EventType "swiss"]
[EventRounds "9"]
[EventCountry "ITA"]
[SourceTitle "EXT 2024"]
[Source "ChessBase"]
[SourceDate "2023.10.10"]
[SourceVersion "1"]
[SourceVersionDate "2023.10.10"]
[SourceQuality "1"]

1. f4 e5 2. fxe5 d6 3. exd6 Bxd6 4. Nf3 g5 5. g3 g4 6. Nh4 Ne7 7. d4 Ng6 8. Ng2 Nc6 9. c3 Bf5 10. Ne3 Be4 11. Bg2 Bxg2 12. Nxg2 Qe7 13. 0-0 0-0-0 14. Nd2 h5 15. e4 h4 16. Qxg4+ Kb8 17. Nc4 hxg3 18. hxg3 Rdg8 19. Bg5 Qf8 20. Qf3 Be7 21. Bxe7 Ncxe7 22. Nce3 Rh3 23. Kf2 Qh6 24. Rae1 Nh8 25. Ng4 Qh5 26. Nf4 Qxg4 27. Qxg4 Rh2+ 28. Kg1 Rh1+ 29. Kxh1 Rxg4 30. Kg2 Kc8 31. Rh1 Nhg6 32. Kf3 Rg5 33. Rh5 Rxh5 34. Nxh5 Kd7 35. Nf4 Nxf4 36. gxf4 Ng6 37. f5 1-0

[Event "Euskadi-ch"]
[Site "Getxo"]
[Date "2023.04.16"]
[Round "7.5"]
[White "Tornay Gomez, Josu"]
[Black "Vesga Izeta, Markel"]
[Result "0-1"]
[WhiteElo "2003"]
[BlackElo "2185"]
[PlyCount "88"]
[EventDate "2023.04.12"]
[EventType "swiss"]
[EventRounds "7"]
[EventCountry "ESP"]
[SourceTitle "EXT 2024"]
[Source "ChessBase"]
[SourceDate "2023.10.10"]
[SourceVersion "1"]
[SourceVersionDate "2023.10.10"]
[SourceQuality "1"]

1. e4 c5 2. Nf3 Nc6 3. Bb5 g6 4. Bxc6 dxc6 5. h3 Qc7 6. d3 e5 7. a4 Nf6 8. a5 Nh5 9. g3 f6 10. Be3 Be6 11. Qd2 Rb8 12. Nc3 Bd6 13. Ne2 g5 14. h4 g4 15. Nh2 0-0 16. 0-0 Kh8 17. b4 cxb4 18. Bxa7 Ra8 19. Bb6 Qf7 20. Rfb1 f5 21. Rf1 c5 22. c3 f4 23. cxb4 cxb4 24. d4 Bc4 25. Rac1 f3 26. dxe5 fxe2 27. Rfe1 Be7 28. Nxg4 Be6 29. Qxe2 Rac8 30. Nh6 Qg6 31. Nf5 Bxf5 32. exf5 Qxf5 33. Bd4 Qg6 34. e6+ Kg8 35. Qe5 Bf6 36. Qd5 Nf4 37. Qb3 Ne2+ 38. Kh2 Nxd4 39. Qd5 Qf5 40. Qxb7 Qxf2+ 41. Kh3 Nf5 42. Qg2 Qxg2+ 43. Kxg2 Rxc1 44. Rxc1 b3 0-1

[Event "Euskadi-ch"]
[Site "Getxo"]
[Date "2023.04.15"]
[Round "5.6"]
[White "Tornay Gomez, Josu"]
[Black "Prieto Aranguren, Alain"]
[Result "0-1"]
[WhiteElo "2003"]
[BlackElo "2280"]
[PlyCount "102"]
[EventDate "2023.04.12"]
[EventType "swiss"]
[EventRounds "7"]
[EventCountry "ESP"]
[SourceTitle "EXT 2024"]
[Source "ChessBase"]
[SourceDate "2023.10.10"]
[SourceVersion "1"]
[SourceVersionDate "2023.10.10"]
[SourceQuality "1"]

1. b3 e5 2. Bb2 Nc6 3. e3 Nf6 4. Bb5 Bd6 5. Na3 Na5 6. Be2 a6 7. c4 c5 8. Nc2 Nc6 9. d4 exd4 10. exd4 cxd4 11. Nf3 Qa5+ 12. Kf1 Be7 13. Ncxd4 0-0 14. h4 d5 15. cxd5 Nxd4 16. Nxd4 Nxd5 17. Bd3 Bf6 18. Qc2 h6 19. a3 Bg4 20. b4 Qd8 21. Bf5 Bxf5 22. Nxf5 Rc8 23. Qb3 Nc3 24. Rh3 Ne4 25. Rd3 Nd2+ 26. Rxd2 Qxd2 27. Bxf6 Rc1+ 28. Rxc1 Qxc1+ 29. Ke2 Re8+ 30. Be7 g6 31. Ne3 Rxe7 32. Qd3 Qc6 33. Qd4 Kh7 34. h5 Qxg2 35. hxg6+ Qxg6 36. Kf1 Qb1+ 37. Kg2 Qe4+ 38. Qxe4+ Rxe4 39. Kf3 Rxe3+ 40. Kxe3 Kg6 41. Kf4 b5 42. Kg4 f6 43. Kh4 h5 44. f3 Kh6 45. Kh3 Kg5 46. Kg3 h4+ 47. Kh3 Kf4 48. Kxh4 Kxf3 49. Kh5 f5 50. Kg5 f4 51. Kf5 Ke3 0-1

[Event "Euskadi-ch"]
[Site "Getxo"]
[Date "2023.04.13"]
[Round "2.9"]
[White "Rodriguez Parra, Francisco Javier"]
[Black "Tornay Gomez, Josu"]
[Result "0-1"]
[WhiteElo "1659"]
[BlackElo "2003"]
[PlyCount "70"]
[EventDate "2023.04.12"]
[EventType "swiss"]
[EventRounds "7"]
[EventCountry "ESP"]
[SourceTitle "EXT 2024"]
[Source "ChessBase"]
[SourceDate "2023.10.10"]
[SourceVersion "1"]
[SourceVersionDate "2023.10.10"]
[SourceQuality "1"]

1. d4 f5 2. c4 Nf6 3. Nf3 g6 4. g3 Bg7 5. Bg2 0-0 6. 0-0 d6 7. Nc3 Qe8 8. e4 fxe4 9. Ng5 Nc6 10. d5 Ne5 11. Nb5 Bg4 12. Qb3 Qd7 13. Nd4 Nf3+ 14. Ndxf3 exf3 15. Nxf3 Ne4 16. Qe3 Nc5 17. Nd4 Bh3 18. b4 Bxg2 19. Kxg2 Na4 20. Rb1 Rf7 21. Ba3 Nb6 22. Rbc1 Qg4 23. Ne6 Nxc4 24. Rxc4 Qxc4 25. Nxg7 Qxd5+ 26. Kg1 Kxg7 27. Bb2+ e5 28. Rc1 Qxa2 29. Qc3 Qd5 30. Qe3 Qf3 31. Qe1 Raf8 32. Rc2 h5 33. Qa1 h4 34. gxh4 Rh8 35. Rc4 Qxf2+ 0-1

[Event "ESP-ch Seniora 50"]
[Site "Altea"]
[Date "2022.11.04"]
[Round "7"]
[White "Gonzalez Valero, Julio"]
[Black "Tornay Gomez, Josu"]
[Result "1-0"]
[WhiteElo "2242"]
[BlackElo "1965"]
[PlyCount "65"]
[EventDate "2022.10.29"]
[EventType "swiss"]
[EventRounds "9"]
[EventCountry "ESP"]
[SourceTitle "EXT 2024"]
[Source "ChessBase"]
[SourceDate "2023.10.10"]
[SourceVersion "1"]
[SourceVersionDate "2023.10.10"]
[SourceQuality "1"]
[WhiteTeam "Spain"]
[BlackTeam "Spain"]
[WhiteTeamCountry "ESP"]
[BlackTeamCountry "ESP"]

1. d4 Nf6 2. Bg5 g6 3. Bxf6 exf6 4. e3 d5 5. c4 dxc4 6. Bxc4 Bd6 7. Nc3 0-0 8. Nge2 Nd7 9. Qc2 Nb6 10. Bb3 f5 11. h4 h5 12. g3 c5 13. dxc5 Bxc5 14. Nf4 Kg7 15. Rd1 Qe7 16. 0-0 Be6 17. Bxe6 fxe6 18. Qb3 Rfe8 19. Rd3 Bd6 20. Rfd1 Rad8 21. a4 Bxf4 22. exf4 Rxd3 23. Rxd3 Qc5 24. Nb5 Nd5 25. Nd4 Qb6 26. Qd1 Nb4 27. Rd2 a6 28. Nf3 Re7 29. Rd7 Nd5 30. Rxe7+ Nxe7 31. Qd7 Kf8 32. Ng5 Qc6 33. Nxe6+ 1-0

[Event "ESP-ch Seniora 50"]
[Site "Altea"]
[Date "2022.10.30"]
[Round "2"]
[White "Tornay Gomez, Josu"]
[Black "Brusi Noguera, Ricardo Ll"]
[Result "1-0"]
[WhiteElo "1965"]
[BlackElo "2115"]
[PlyCount "95"]
[EventDate "2022.10.29"]
[EventType "swiss"]
[EventRounds "9"]
[EventCountry "ESP"]
[SourceTitle "EXT 2024"]
[Source "ChessBase"]
[SourceDate "2023.10.10"]
[SourceVersion "1"]
[SourceVersionDate "2023.10.10"]
[SourceQuality "1"]
[WhiteTeam "Spain"]
[BlackTeam "Spain"]
[WhiteTeamCountry "ESP"]
[BlackTeamCountry "ESP"]

1. e4 c5 2. Nf3 Nc6 3. Bb5 g6 4. 0-0 Bg7 5. Re1 e5 6. b4 cxb4 7. a3 Nge7 8. axb4 0-0 9. Nc3 d6 10. h3 h6 11. Bc4 Be6 12. Bxe6 fxe6 13. Rb1 g5 14. Ne2 Ng6 15. d4 Rxf3 16. gxf3 Nh4 17. Rb3 Qf6 18. f4 gxf4 19. Kh2 Qg6 20. Rg1 Qxe4 21. Nxf4 Nxd4 22. Rxg7+ Kxg7 23. Qg4+ Kf7 24. Qh5+ Ng6 25. Nxg6 Qxg6 26. Qxg6+ Kxg6 27. Rg3+ Kh7 28. Rc3 Rg8 29. Rd3 Rf8 30. Be3 d5 31. Kg1 Nxc2 32. Bxa7 d4 33. Bc5 e4 34. Rd2 d3 35. Bxf8 Ne1 36. Rd1 Nf3+ 37. Kg2 Kg6 38. Bc5 Kf5 39. Be3 h5 40. b5 Ke5 41. b6 Kd5 42. Rc1 e5 43. Rc7 Kd6 44. Kf1 Nd4 45. Bxd4 exd4 46. Rxb7 e3 47. fxe3 dxe3 48. Rf7 1-0

[Event "Bassano del Grappa op"]
[Site "Bassano del Grappa"]
[Date "2021.02.16"]
[Round "9"]
[White "Tripodi, Enzo"]
[Black "Tornay Gomez, Josu"]
[Result "1-0"]
[WhiteElo "2072"]
[BlackElo "1977"]
[PlyCount "103"]
[EventDate "2021.02.12"]
[EventType "swiss"]
[EventRounds "9"]
[EventCountry "ITA"]
[SourceTitle "EXT 2023"]
[Source "ChessBase"]
[SourceDate "2022.10.05"]
[SourceVersion "1"]
[SourceVersionDate "2022.10.05"]
[SourceQuality "1"]

1. e4 e5 2. Nf3 Nc6 3. Bb5 a6 4. Ba4 Nf6 5. d4 exd4 6. e5 Ne4 7. 0-0 Nc5 8. Bxc6 dxc6 9. Nxd4 Ne6 10. Nxe6 Bxe6 11. Qe2 Bc5 12. Nc3 Qh4 13. Ne4 Be7 14. Rd1 0-0 15. b3 Rad8 16. Bb2 Bf5 17. Ng3 Be6 18. c4 Bc5 19. Kh1 Rxd1+ 20. Rxd1 Rd8 21. Rxd8+ Qxd8 22. f4 Qd7 23. h3 Bf5 24. Kh2 h6 25. Nxf5 Qxf5 26. Bc1 Qd7 27. Qd2 Qe7 28. Qd3 g6 29. Bd2 Kf8 30. g3 h5 31. Bc3 Ke8 32. f5 Qd7 33. Qxd7+ Kxd7 34. e6+ Ke7 35. exf7 Kxf7 36. fxg6+ Kxg6 37. Kg2 b6 38. Be5 Bd6 39. Bxd6 cxd6 40. Kf3 b5 41. cxb5 cxb5 42. Ke4 Kf6 43. Kd5 Ke7 44. b4 Kd7 45. a3 Ke7 46. g4 hxg4 47. hxg4 Kd7 48. g5 Ke7 49. g6 Kf6 50. Kxd6 Kxg6 51. Kc5 Kf5 52. Kb6 1-0

[Event "San Sebastian Gros op 28th"]
[Site "San Sebastian"]
[Date "2018.06.25"]
[Round "5"]
[White "Roeder, Mathias"]
[Black "Tornay Gomez, Josu"]
[Result "1/2-1/2"]
[WhiteElo "2376"]
[BlackElo "2032"]
[PlyCount "26"]
[EventDate "2018.06.22"]
[EventType "swiss"]
[EventRounds "9"]
[EventCountry "ESP"]
[SourceTitle "CBM 185 Extra"]
[Source "ChessBase"]
[SourceDate "2018.07.29"]
[SourceVersion "1"]
[SourceVersionDate "2018.07.29"]
[SourceQuality "1"]

1. Nf3 Nf6 2. c4 g6 3. b3 Bg7 4. Bb2 0-0 5. g3 d6 6. d4 e5 7. e3 exd4 8. Bxd4 Nc6 9. Bb2 Bf5 10. Nh4 Bg4 11. f3 Qe7 12. Qe2 Rfe8 13. Ng2 Bf5 1/2-1/2

[Event "Hessen-chA"]
[Site "Marburg"]
[Date "2017.??.??"]
[Round "1"]
[White "Tornay Gomez, Josu"]
[Black "Hanig, Gunnar"]
[Result "1-0"]
[WhiteElo "2105"]
[BlackElo "1972"]
[PlyCount "75"]
[EventDate "2017.05.24"]
[EventType "swiss"]
[EventRounds "7"]
[EventCountry "GER"]
[SourceTitle "EXT 2018"]
[Source "ChessBase"]
[SourceDate "2017.10.13"]
[SourceVersion "1"]
[SourceVersionDate "2017.10.13"]
[SourceQuality "1"]

1. e4 c6 2. d4 d5 3. e5 Bf5 4. Nf3 e6 5. Be2 c5 6. Be3 Nc6 7. dxc5 Qc7 8. c3 Nge7 9. Qa4 Ng6 10. Bb5 Be7 11. 0-0 0-0 12. Bxc6 bxc6 13. Nbd2 Nxe5 14. Nxe5 Qxe5 15. Qxc6 Rfc8 16. Qb7 Qf6 17. Nb3 Bd3 18. Rfe1 Rab8 19. Qxa7 Ra8 20. Qd7 Rd8 21. Qc7 e5 22. f4 exf4 23. Qxf4 Qg6 24. Bd4 Be4 25. Qg3 Qh6 26. Be3 Qh5 27. Rf1 Rab8 28. c6 Bd6 29. Bf4 Bxf4 30. Rxf4 Rdc8 31. Rf2 Qh6 32. Nd4 Rb6 33. Raf1 f6 34. Rxf6 Qh5 35. R6f2 Qe8 36. Qd6 h6 37. b4 Bd3 38. Qxd5+ 1-0

[Event "Heusenstamm Sparkassen op-A 3rd"]
[Site "Heusenstamm"]
[Date "2016.11.27"]
[Round "7"]
[White "Kolker, Vladislav"]
[Black "Tornay Gomez, Josu"]
[Result "1/2-1/2"]
[WhiteElo "2007"]
[BlackElo "2121"]
[PlyCount "30"]
[EventDate "2016.11.24"]
[EventType "swiss"]
[EventRounds "7"]
[EventCountry "GER"]
[SourceTitle "EXT 2018"]
[Source "ChessBase"]
[SourceDate "2017.10.13"]
[SourceVersion "1"]
[SourceVersionDate "2017.10.13"]
[SourceQuality "1"]

1. e4 c5 2. Nf3 g6 3. d4 cxd4 4. Nxd4 Nc6 5. Nc3 Bg7 6. Be3 Nf6 7. Bc4 Qa5 8. 0-0 0-0 9. Bb3 d6 10. h3 Bd7 11. f4 Qh5 12. Qxh5 Nxh5 13. Rad1 Rfe8 14. g4 Nf6 15. Nf3 Be6 1/2-1/2

[Event "Heusenstamm Sparkassen op-A 2nd"]
[Site "Heusenstamm"]
[Date "2015.11.29"]
[Round "6"]
[White "Tornay Gomez, Josu"]
[Black "Zimmer, Gerald"]
[Result "1-0"]
[WhiteElo "2100"]
[BlackElo "1923"]
[PlyCount "85"]
[EventDate "2015.11.26"]
[EventType "swiss"]
[EventRounds "7"]
[EventCountry "GER"]
[SourceTitle "EXT 2018"]
[Source "ChessBase"]
[SourceDate "2017.10.13"]
[SourceVersion "1"]
[SourceVersionDate "2017.10.13"]
[SourceQuality "1"]

1. e4 e6 2. d4 d5 3. Nc3 Bb4 4. Bd3 c5 5. exd5 Qxd5 6. Bd2 Bxc3 7. Bxc3 Nf6 8. dxc5 Qxc5 9. Qf3 Nbd7 10. Qg3 b6 11. Nf3 Rg8 12. 0-0-0 Bb7 13. Nd4 Ne4 14. Bxe4 Bxe4 15. Rhe1 Nf6 16. Nb3 Qc6 17. Rd6 Qc8 18. Qe5 Bxg2 19. Qb5+ Nd7 20. Red1 Bd5 21. Nd4 a6 22. Qe2 Qc5 23. Nf5 0-0-0 24. Ne7+ Kb7 25. R6xd5 exd5 26. Rxd5 Qc7 27. Qf3 Ka7 28. Nxg8 Rxg8 29. Qxf7 Rd8 30. Bxg7 Kb7 31. Qf3 Qc6 32. Qd1 Qe6 33. Rd6 Qe7 34. Bf6 Nxf6 35. Rxd8 Qe4 36. Rd4 Qe5 37. Qf3+ Ka7 38. Qf4 Qe1+ 39. Rd1 Qe7 40. Qd6 Qf7 41. Re1 Ng8 42. Qe6 Qf4+ 43. Kb1 1-0

[Event "Heusenstamm Sparkassen op-A 2nd"]
[Site "Heusenstamm"]
[Date "2015.11.28"]
[Round "5"]
[White "Tornay Gomez, Josu"]
[Black "Weil, Michael"]
[Result "1/2-1/2"]
[WhiteElo "2100"]
[BlackElo "1935"]
[PlyCount "61"]
[EventDate "2015.11.26"]
[EventType "swiss"]
[EventRounds "7"]
[EventCountry "GER"]
[SourceTitle "EXT 2018"]
[Source "ChessBase"]
[SourceDate "2017.10.13"]
[SourceVersion "1"]
[SourceVersionDate "2017.10.13"]
[SourceQuality "1"]

1. e4 Nf6 2. e5 Nd5 3. d4 d6 4. Nf3 dxe5 5. Nxe5 c6 6. Be2 Nd7 7. Nf3 N7f6 8. c4 Nb6 9. 0-0 Bg4 10. Nbd2 e6 11. b3 Be7 12. Bb2 0-0 13. Re1 Qc7 14. Ne5 Bxe2 15. Qxe2 Nbd7 16. Rad1 Rad8 17. Ndf3 Nxe5 18. dxe5 Rxd1 19. Rxd1 Nd7 20. h4 Rd8 21. h5 c5 22. Nd2 Nb8 23. Ne4 Nc6 24. Rxd8+ Qxd8 25. Qd2 Qxd2 26. Nxd2 b6 27. a3 Bg5 28. Nf3 Bd8 29. Kf1 Na5 30. Nd2 Bg5 31. Ne4 1/2-1/2

[Event "Mondragon op 13th"]
[Site "Mondragon"]
[Date "2013.12.28"]
[Round "4"]
[White "Tornay Gomez, Josu"]
[Black "Iruzubieta Villaluenga, Jesus Maria"]
[Result "0-1"]
[WhiteElo "2095"]
[BlackElo "2412"]
[PlyCount "108"]
[EventDate "2013.12.26"]
[EventType "swiss"]
[EventRounds "6"]
[EventCountry "ESP"]
[SourceTitle "CBM 158 Extra"]
[Source "ChessBase"]
[SourceDate "2014.02.28"]
[SourceVersion "1"]
[SourceVersionDate "2014.02.28"]
[SourceQuality "1"]

1. c4 e5 2. g3 Nc6 3. Nc3 f5 4. Nf3 d6 5. d4 Be7 6. dxe5 dxe5 7. Qxd8+ Bxd8 8. Bg2 Nf6 9. 0-0 Be6 10. b3 Be7 11. Bb2 0-0-0 12. Ng5 Bg8 13. Rad1 h6 14. Rxd8+ Bxd8 15. Nf3 Bh7 16. Nd5 Re8 17. Rd1 e4 18. Ne1 Ne5 19. Nc2 Nxd5 20. Rxd5 Bf6 21. Ne3 c6 22. Rd1 h5 23. h4 Kc7 24. Ba3 Rd8 25. Rxd8 Kxd8 26. Bh3 g6 27. Ng2 Bg8 28. Nf4 b5 29. cxb5 cxb5 30. Bc5 a6 31. Kf1 Bf7 32. Ke1 Kc7 33. Kd2 a5 34. Kc2 Kc6 35. Be3 b4 36. Kd2 a4 37. Kc2 Kb5 38. Bd2 Kc5 39. Be3+ Kd6 40. Bd2 Nc6 41. Bf1 axb3+ 42. axb3 Nd4+ 43. Kb1 Kc5 44. Be3 Bxb3 45. Nxg6 Bc2+ 46. Kb2 b3 47. Nf4 Kd6 48. Bxd4 Bxd4+ 49. Kc1 Bxf2 50. Nxh5 Kc5 51. Bh3 Kc4 52. Nf4 Bxg3 53. e3 Bxf4 54. exf4 Kc3 0-1

[Event "Mondragon op 13th"]
[Site "Mondragon"]
[Date "2013.12.27"]
[Round "2"]
[White "Ruiz Gomez, Alejandro"]
[Black "Tornay Gomez, Josu"]
[Result "1-0"]
[WhiteElo "2409"]
[BlackElo "2095"]
[PlyCount "65"]
[EventDate "2013.12.26"]
[EventType "swiss"]
[EventRounds "6"]
[EventCountry "ESP"]
[SourceTitle "CBM 158 Extra"]
[Source "ChessBase"]
[SourceDate "2014.02.28"]
[SourceVersion "1"]
[SourceVersionDate "2014.02.28"]
[SourceQuality "1"]

1. e4 Nf6 2. e5 Nd5 3. c4 Nb6 4. a4 a5 5. c5 Nd5 6. Nc3 e6 7. d4 d6 8. cxd6 cxd6 9. Nf3 Nc6 10. Bb5 Ndb4 11. 0-0 Bd7 12. Ne4 d5 13. Bg5 Qb6 14. Ng3 h6 15. Be3 0-0-0 16. Qd2 Kb8 17. Rfc1 Be7 18. Nh5 Rdg8 19. g4 f5 20. gxf5 exf5 21. e6 Be8 22. Ng3 Rf8 23. Ne5 g5 24. f4 Ka7 25. Kh1 g4 26. Ne2 Nb8 27. Bd7 Bxd7 28. exd7 Bd8 29. Nc3 N8c6 30. Nb5+ Ka8 31. Nd6 Rh7 32. Rc5 Na7 33. Rc8+ 1-0

[Event "Mondragon Arrasate Hiria op 12th"]
[Site "Mondragon"]
[Date "2012.10.19"]
[Round "6"]
[White "Astasio Lopez, David"]
[Black "Tornay Gomez, Josu"]
[Result "1-0"]
[WhiteElo "2402"]
[BlackElo "2103"]
[PlyCount "59"]
[EventDate "2012.09.14"]
[EventType "swiss"]
[EventRounds "6"]
[EventCountry "ESP"]
[SourceTitle "EXT 2013"]
[Source "ChessBase"]
[SourceDate "2012.11.22"]
[SourceVersion "1"]
[SourceVersionDate "2012.11.22"]
[SourceQuality "1"]

1. d4 Nf6 2. Nf3 g6 3. Nbd2 d5 4. e3 Bg7 5. b4 b6 6. Bb2 0-0 7. Be2 Nbd7 8. b5 Bb7 9. 0-0 c5 10. bxc6 Bxc6 11. c4 e6 12. Qb3 Ne4 13. Rac1 Ndf6 14. h3 Rc8 15. Rfd1 Nxd2 16. Rxd2 dxc4 17. Bxc4 Ne4 18. Rdc2 Ng5 19. Nd2 Ne4 20. Bxe6 Nxd2 21. Rxd2 Bd7 22. Rxc8 Qxc8 23. Bd5 Qa6 24. Rc2 Ba4 25. Qc4 b5 26. Qc6 Qa5 27. Qc3 Qa6 28. Rc1 Qb6 29. Qc7 Qa6 30. Rc6 1-0